Arquitectura de computadoras: (Registro nro. 13474)

Detalles MARC
000 -Cabecera
Campo de control interno 01035nam a2200229Ia 4500
005 - Fecha y hora del registro
control field 20260417173150.0
008 - Elementos de Longitud Fija
fixed length control field 260306t2007||||xx |||||||||||||| ||spa||
041 ## - Idioma
Codigo Idioma ESP
082 ## - DEWEY y NOTACIÓN INTERNA
Dewey 004.22
Notación Interna P26
100 ## - AUTOR
Autor denominación Parhami, Behrooz
Término de relación autor
245 #0 - TÍTULO DE MATERIAL BIBLIOGRÁFICO
Título Arquitectura de computadoras:
Título paralelo de los microprocesadores a las supercomputadoras
260 ## - CIUDAD, EDITORIAL, AÑO
Año 2007
300 ## - DESCRIPCIÓN
N° Páginas 000 páginas :
Dimensiones 00 cm.
650 ## - TEMAS
Temas Generalidades
654 ## - PROGRAMAS
Programa
856 ## - URL - UBICACIÓN
URI/URL: Enlace exacto del recurso <a href="https://itmsp.museknowledge.com/UCSP?url=https://www.ebooks7-24.com:443/?il=3256&pg=1">https://itmsp.museknowledge.com/UCSP?url=https://www.ebooks7-24.com:443/?il=3256&pg=1</a>
Nota pública: Versión digital <a href="Véase además: Diseño y evaluación de arquitecturas de computadoras. Versión digital">Véase además: Diseño y evaluación de arquitecturas de computadoras. Versión digital</a>
856 ## - URL - UBICACIÓN
URI/URL: Enlace exacto del recurso <a href="https://0u213wx65-y-https-ebooks7--24-com.itmsp.museknowledge.com/biblioteca.aspx">https://0u213wx65-y-https-ebooks7--24-com.itmsp.museknowledge.com/biblioteca.aspx</a>
Nota pública: Versión digital <a href="Véase además: Base de datos Ebook7-24">Véase además: Base de datos Ebook7-24</a>
856 ## - URL - UBICACIÓN
URI/URL: Enlace exacto del recurso <a href="https://dl.acm.org/">https://dl.acm.org/</a>
Nota pública: Versión digital <a href="Véase además: Base de datos ACM Digital Library">Véase además: Base de datos ACM Digital Library</a>
856 ## - URL - UBICACIÓN
URI/URL: Enlace exacto del recurso <a href="https://0u206wx69-y-https-ieeexplore-ieee-org.itmsp.museknowledge.com/Xplore/home.jsp">https://0u206wx69-y-https-ieeexplore-ieee-org.itmsp.museknowledge.com/Xplore/home.jsp</a>
Nota pública: Versión digital <a href="Véase además: Base de datos IEEE Xplore">Véase además: Base de datos IEEE Xplore</a>
942 ## - ELEMENTOS DE KOHA
Tipo de documento Libro
Nombre del creador Justo Noguera
Código de catalogador Justo Noguera
Esquema de clasificación Dewey Decimal Classification
Existencias
Codigo completo Registro Colección Copia número Disponibilidad Tipo de préstamo Biblioteca Actual Procedencia (Biblioteca) Ubicacón Fecha Ingreso Tipo de Adquisición Date last seen Total checkouts Price effective from Tipo de Item Estado del Material Fuente de Clasificación Damaged status Withdrawn status
004.22 P26 1008549 Universidad Católica San Pablo 2 Disponible Disponible Víctor Andrés Belaunde Víctor Andrés Belaunde Segundo piso 03/06/2026 Compra 06/03/2026   06/03/2026 Libro Bueno Dewey Decimal Classification    
004.22 P26 U0018899 Universidad Católica San Pablo 1 Disponible Disponible Víctor Andrés Belaunde Víctor Andrés Belaunde Segundo piso 14/03/2026 Compra 14/03/2026   14/03/2026 Libro Bueno Dewey Decimal Classification    
004.22 P26 1008550 Universidad Católica San Pablo 3 Disponible Disponible Víctor Andrés Belaunde Víctor Andrés Belaunde Segundo piso 14/03/2026 Compra 14/03/2026   14/03/2026 Libro Bueno Dewey Decimal Classification